ARRUPE JESUIT UNIVERSITY

CORONAVIRUS -STOP THE SPREAD - CLEAN,DISINFECT,COVER

Of widows and meals : (Record no. 121164)

MARC details
000 -LEADER
fixed length control field 02181cam a2200325 a 4500
001 - CONTROL NUMBER
control field 14641779
003 - CONTROL NUMBER IDENTIFIER
control field ARRUPE
005 - DATE AND TIME OF LATEST TRANSACTION
control field 20141103182107.0
008 - FIXED-LENGTH DATA ELEMENTS--GENERAL INFORMATION
fixed length control field 061121s2007 miua b 001 0 eng
010 ## - LIBRARY OF CONGRESS CONTROL NUMBER
LC control number 2006039041
020 ## - INTERNATIONAL STANDARD BOOK NUMBER
International Standard Book Number 9780802830531 (pbk. : alk. paper)
020 ## - INTERNATIONAL STANDARD BOOK NUMBER
International Standard Book Number 0802830536 (pbk. : alk. paper)
035 ## - SYSTEM CONTROL NUMBER
System control number (OCoLC)ocm76864131
035 ## - SYSTEM CONTROL NUMBER
System control number (OCoLC)76864131
040 ## - CATALOGING SOURCE
Original cataloging agency DLC
Transcribing agency DLC
Modifying agency BAKER
-- BTCTA
-- C#P
-- YDXCP
-- DLC
050 00 - LIBRARY OF CONGRESS CALL NUMBER
Classification number BS2625.6.D56
Item number F56 2007
082 00 - DEWEY DECIMAL CLASSIFICATION NUMBER
Classification number 226.6/067
Edition number 22
300 ## - PHYSICAL DESCRIPTION
Other physical details ill. ;
Dimensions 23 cm.
100 1# - MAIN ENTRY--PERSONAL NAME
Personal name Finger, Reta Halteman,
Dates associated with a name 1940-
9 (RLIN) 12354
245 10 - TITLE STATEMENT
Title Of widows and meals :
Remainder of title communal meals in the book of Acts /
Statement of responsibility, etc Reta Halteman Finger.
260 ## - PUBLICATION, DISTRIBUTION, ETC. (IMPRINT)
Place of publication, distribution, etc Grand Rapids, Mich. :
Name of publisher, distributor, etc William B. Eerdmans Pub.,
Date of publication, distribution, etc 2007.
300 ## - PHYSICAL DESCRIPTION
Extent x, 326 p. :
504 ## - BIBLIOGRAPHY, ETC. NOTE
Bibliography, etc Includes bibliographical references (p. 287-310) and indexes.
505 0# - FORMATTED CONTENTS NOTE
Formatted contents note Introduction -- Stating the question : a middle-class bias against communal sharing? -- Economic sharing in Acts? a history of (mis)interpretation -- Naming the meal : agape, Eucharist, bread-breaking -- Meals on wheels for the widows? common meals versus poor relief -- From the top down : socio-economic structures of an agrarian society -- Jerusalem : productive city on a hill -- How the non-elite survived : social relations and community values -- Copycats? Essene communal life as model -- Never eat alone! food and meals as cultural symbols -- "A glutton and a drunkard" : Jesus and table fellowship -- "Upstairs, downstairs" : widows and other women in dining room and kitchen -- The intentional community : an exegesis of Acts 2:41-47 -- The widows' complaint : an exegesis of Acts 5:42-6:1-6 -- Daily commensality : a necessity then, impractical today?
630 00 - SUBJECT ADDED ENTRY--UNIFORM TITLE
Uniform title Bible.
Name of part/section of a work Acts
General subdivision Criticism, interpretation, etc.
9 (RLIN) 12355
650 #0 - SUBJECT ADDED ENTRY--TOPICAL TERM
Topical term or geographic name as entry element Dinners and dining in the Bible.
9 (RLIN) 12356
856 41 - ELECTRONIC LOCATION AND ACCESS
Materials specified Table of contents only
Uniform Resource Identifier <a href="http://www.loc.gov/catdir/toc/ecip075/2006039041.html">http://www.loc.gov/catdir/toc/ecip075/2006039041.html</a>
906 ## - LOCAL DATA ELEMENT F, LDF (RLIN)
a 7
b cbc
c orignew
d 1
e ecip
f 20
g y-gencatlg
942 ## - ADDED ENTRY ELEMENTS (KOHA)
Source of classification or shelving scheme Library of Congress Classification
Koha item type Monograph ( Printed materials)
Holdings
Withdrawn status Lost status Source of classification or shelving scheme Damaged status Not for loan Collection code Home library Current library Shelving location Date acquired Total Checkouts Full call number Barcode Date last seen Price effective from Koha item type
    Library of Congress Classification     Main Collection ARRUPE LIBRARY ARRUPE LIBRARY Main Collection 03/11/2014   BS2625.6.D56 F56 2007 46500001494 03/11/2014 03/11/2014 Monograph ( Printed materials)

 

Arrupe Library. PO Box MP320 Mt Pleasant, Harare, Zimbabwe
263 242 745411|librarian@aju.ac.zw